Movies Quiz

Random Movies or Director Quiz

John Cleese's Directors Quiz Stats

 Plays Quiz not verified by Sporcle

Challenge
Share
Tweet
Embed
Score 0/11 Timer 06:00
0 Plays Today
Last Word of Film Titles The Director % Correct
Grail Bandits LifeTerry Gilliam
96.8%
Grail Brian Life Viking Willows AnythingTerry Jones
93.5%
Stone SecretsChris Columbus
71%
Heirs CreaturesRobert Young
45.2%
Bullseye! ShotsMichael Winner
38.7%
Blossom Christian ItJoseph McGrath
35.5%
After TrollsMike Mitchell
35.5%
Squirrely CharmingRoss Venokur
25.8%
Jungle Out-of-TownersSam Weisman
19.4%
Interlude RimmerKevin Billington
16.1%
Spud ContinuesDonovan Marsh
9.7%

You're not logged in!

Compare scores with friends on all Sporcle quizzes.
OR
Log In

You Might Also Like...

Show Comments

Extras

Top Quizzes Today


Score Distribution

Your Account Isn't Verified!

In order to create a playlist on Sporcle, you need to verify the email address you used during registration. Go to your Sporcle Settings to finish the process.

Report this User

Report this user for behavior that violates our Community Guidelines.

Details: